000 003200000a22001450004500
003 MACL
040 _aMACL
090 _c8240
_d8239
100 _aPruthi, Dr, R K
245 _aNGOs, Civil Society and Global future
260 _bRaj Publications
_c2008
350 _a825
650 _aSocial Science
942 _cBOOK
_k300
999 _c8190
_d8190